000 00713nam a22002292 4500
001 0000002491
005 20151217151855.0
008 070411s xx 000 0 eng d
040 _aKABU
_cKABU
050 0 _aHF5635
_b.C474 1997
100 1 _aChasteen, Lanny G.
_@0000151855
245 1 0 _aIntermediate accounting /
_cLanny G. Chasteen, Richard E. Flahery and Melvin C. O'Conor.
250 _a6th ed.
260 _aBoston :
_bIrwin/McGraw-Hill,
_c1998.
300 _a1284 p.
650 0 _aAccounting.
_@0000148321
700 1 _aFlaherty, Richard E.
_@0000151856
700 1 _aO'Conor, Melvin C.
_@0000151857
908 _a070411
950 _@1
999 _c5882
_d5882